Countries voting against condemning North Korea - Statistics

General Stats
  • This quiz has been taken 180 times
  • The average score is 10 of 19
Answer Stats
Hint Answer % Correct
5 China
98%
13 Russia
96%
8 Iran
77%
6 Cuba
74%
18 Vietnam
73%
15 Syria
67%
9 Laos
62%
17 Venezuela
61%
2 Belarus
57%
10 Myanmar
45%
14 Sudan
41%
7 Egypt
39%
19 Zimbabwe
39%
12 Oman
38%
16 Uzbekistan
38%
1 Algeria
37%
3 Bolivia
36%
11 North Korea
33%
4 Burundi
21%
No matching quizzes found
Score Distribution
Percent of People with Each Score
Percentile by Number Answered
Your Score History
You have not taken this quiz